Music Quiz

Random Music or Taylor Swift Quiz
Score 0/30 Timer 05:00
2 Plays Today
Title Katy Perry (K) or Taylor Swift (T) % Correct
Shake It Off???
87.6%
Roar???
87.4%
Bad Blood???
86.4%
Hot n Cold???
85.8%
I Knew You Were Trouble???
85.6%
22???
85.6%
Last Friday Night (T.G.I.F.)???
85.2%
Teardrops on My Guitar???
84.2%
Waking Up in Vegas???
83.2%
Teenage Dream???
81.5%
Dark Horse???
80%
Peacock???
79.7%
Chained to the Rhythm???
79.6%
Back to December???
78.9%
Mean???
77.9%
Title Katy Perry (K) or Taylor Swift (T) % Correct
Dear John???
76.7%
Mine???
75.4%
Out of the Woods???
74.3%
Fearless???
72.4%
Double Rainbow???
72.2%
One of the Boys???
72.1%
Begin Again???
70.3%
Hummingbird Heartbeat???
68%
Hey Stephen???
67.4%
Never Grow Up???
63.3%
Not Like the Movies???
61.7%
State of Grace???
60.8%
Lost???
60.4%
By the Grace of God???
58.8%
Thinking of You???
57.5%
Remove Ads.
Support Sporcle.
Get the best of Sporcle when you Go Orange. This ad-free experience offers more features, more stats, and more fun while also helping to support Sporcle. Thank you for becoming a member.

You're not logged in!

Compare scores with friends on all Sporcle quizzes.
OR
Log In

Show Comments

Extras

Top Quizzes Today


Score Distribution

Your Account Isn't Verified!

In order to create a playlist on Sporcle, you need to verify the email address you used during registration. Go to your Sporcle Settings to finish the process.

Report this User

Report this user for behavior that violates our Community Guidelines.

Details: